Geography Quiz

Random Geography or World Quiz

Countries with 1% of World's GDP Quiz Stats

 Plays Quiz Updated Sep 17, 2012

Also try: Big and Populated
Challenge
Share
Tweet
Embed
Score 0/19 Timer 02:00
12 Plays Today
Country % Correct
United States
99.8%
China
99.2%
Germany
96.9%
France
96.4%
United Kingdom
95.5%
Japan
94.7%
Russia
94.3%
Brazil
93%
India
92.1%
Canada
90.5%
Country % Correct
Italy
89.4%
Spain
89.3%
Mexico
88.4%
Australia
85.5%
South Korea
69.1%
Indonesia
62.5%
Turkey
51.6%
Iran
50.3%
Taiwan
31.8%

You're not logged in!

Compare scores with friends on all Sporcle quizzes.
Join for Free
OR
Log In

You Might Also Like...

Show Comments

Extras

Top Quizzes Today


Score Distribution

Your Account Isn't Verified!

In order to create a playlist on Sporcle, you need to verify the email address you used during registration. Go to your Sporcle Settings to finish the process.

Report this User

Report this user for behavior that violates our Community Guidelines.

Details: